000 03104nam a22002297a 4500
001 216222729
003 UA-OsUOA
005 20220825123522.0
008 220825b un d|||f |||| 00| 0 ukr d
040 _aUA-OsUOA
_bukr
_cUA-OsUOA
_dUA-OsUOA
041 _aukr
080 _a81
090 _a81
_bК44
100 _aКисюк В. Р.
245 _aАнглійська терміносистема коштовного каміння: генезис, структура, семантика
_cКисюк В. Р.
260 _aОстрог
_bКАФ
_c2017
300 _a68 с.
520 _aВступ. Розділ І. Теоретичні засади вивчення терміносистеми ювелірних виробів. 1.1. Визначення поняття "термін" у сучасних лінгвістичних дослідженнях 1.2. Терміносистеми та їх функції 1.3. Терміносистема ювелірних виробів у сучасній англійській мові 1.3.1. Стан вивчення терміносистеми ювелірних виробів та їх репрезентація лексикографічними працями 1.3.2. Особливості класифікації лексики на позначення ювелірних виробів 1.3.3. Лексико-семантичні групи терміноодиниць на позначення ювелірних виробів 1.3.4. Структурні характеристики терміноодиниць на позначення ювелірних виробів Розділ ІІ. Корпус текстів про ювелірні вироби для дослідження функціонування системи. 2.1. Загальні характеристики корпусу текстів 2.2. Створення спеціалізованого текстового корпусу коштовного каміння 2.3. Анотування/опрацювання даних корпусу текстів коштовного каміння (аметисту) Розділ ІІІ. Опрацювання результатів дослідження та створення категоріального апарату терміносистеми коштовного каміння. 3.1. Створення та особливості користування текстовим корпусом коштовного каміння у програмі AntConc 3.2. Фіксація термінологічної сполучуваності слів та опрацювання термінологічних даних із текстового корпусу коштовного каміння за допомогою програми AntConc Висновки. Список використаної літератури та джерел. Додатки.
650 _a81 Лінгвістика. Мовознавство. Мови
_2UDC
942 _cBK
_2udc
955 _a1
999 _c285951
_d285951